00629naa#a2200169#i#4500001001600000005001700016011001400033100004100047102000700088200013600095210005200231215001000283608002700293675009600320700002100416856002200437EN\\bibl\12190520260512035200.2##a1998-6785##a20230321b2023####ek#y0engy0150####ca##aRU1#aOn the state of the soil and vegetation cover of the Russian Far East and the problems of its rational use. Part 2eJournal article1#aVladivostokcVladivostok State Universityd2023##a9 с.##aJournal article2local##aЗагрязнение атмосферы. Загрязнение воздуха. 504.3.054#1aNaumovgYurij A.4#aojkum.editorum.ru